000 00544cam a2200169 4500500
005 20260329001427.0
041 _afre
042 _adc
100 1 0 _aTavoillot, Pierre-Henri
_eauthor
245 0 0 _aLe Bonheur - Visions Occidentale Et Chinoise
260 _c2007.
500 _a62
690 _aAndré Comte-Sponville
690 _aBonheur
786 0 _nPhilosophie magazine | 8 | 4 | 2007-04-01 | p. 46-46 | 1951-1787
856 4 1 _uhttps://shs.cairn.info/magazine-philosophie-magazine-2007-4-page-46?lang=fr&redirect-ssocas=7080
999 _c1805296
_d1805296